Online
Catalog

Indira Gandhi / (Record no. 6748)

MARC details
000 -CABECERA
campo de control de longitud fija 00898cam a2200265 a 4500
001 - NÚMERO DE CONTROL
campo de control 000006964
005 - FECHA Y HORA DE LA ÚLTIMA TRANSACCIÓN
campo de control 20200929154031.0
008 - DATOS DE LONGITUD FIJA--INFORMACIÓN GENERAL
campo de control de longitud fija 850614s1970 sp a b 000 0 spa d
040 ## - FUENTE DE LA CATALOGACIÓN
Centro catalogador/agencia de origen DO-SdBNP
Lengua de catalogación spa
Centro/agencia transcriptor BNPHU
041 17 - CÓDIGO DE LENGUA
Código de lengua del texto/banda sonora o título independiente spa
Código de lengua original eng
082 ## - NÚMERO DE LA CLASIFICACIÓN DECIMAL DEWEY
Número de clasificación 923.134
Número de documento/Ítem C962i
100 1# - ENTRADA PRINCIPAL--NOMBRE DE PERSONA
Nombre de persona Cublier, Anne.
9 (RLIN) 19350
240 10 - TÍTULO UNIFORME
Título uniforme Indira Gandhi.
Lenguaje de la obra Español
245 10 - MENCIÓN DE TÍTULO
Título Indira Gandhi /
Mención de responsabilidad, etc. Anne Cublier ; traducción al castellano Felipe González Vicén.
260 ## - PUBLICACIÓN, DISTRIBUCIÓN, ETC.
Lugar de publicación, distribución, etc. Madrid :
Nombre del editor, distribuidor, etc. Guarrama,
Fecha de publicación, distribución, etc. 1970.
300 ## - DESCRIPCIÓN FÍSICA
Extensión 249 p. :
Otras características físicas il. ;
Dimensiones 18 cm.
490 1# - MENCIÓN DE SERIE
Mención de serie Universitaria de Bolsillo :
490 1# - MENCIÓN DE SERIE
Mención de serie Punto Omega,
Designación de volumen o secuencia 108
534 ## - NOTA SOBRE LA VERSIÓN ORIGINAL
Encabezamiento principal del original [Título en inglés]:
Mención de título del original Indira Ganhi
504 ## - NOTA DE BIBLIOGRAFÍA, ETC.
Nota de bibliografía, etc. Bibliografía: p. 247-249.
600 10 - PUNTO DE ACCESO ADICIONAL DE MATERIA--NOMBRE DE PERSONA
Nombre de persona GANDHI, INDIRA,
Fechas asociadas al nombre 1917-1984.
9 (RLIN) 19351
700 1# - PUNTO DE ACCESO ADICIONAL--NOMBRE DE PERSONA
Nombre de persona González Vicén, Felipe,
Término indicativo de función/relación tr.
9 (RLIN) 19352
830 #0 - PUNTO DE ACCESO ADICIONAL DE SERIE-TÍTULO UNIFORME
Título uniforme Universitaria de Bolsillo :
Nombre de parte o sección de la obra Punto Omega,
Designación de volumen o secuencia 108
9 (RLIN) 19353
910 ## - DATOS DE OPCIÓN DEL USUARIO (OCLC)
Datos de opción del usuario Catalogación derivada
Holdings
Estado de retiro Estado de pérdida Restricciones de uso No para préstamo Código de colección Localización permanente Ubicación/localización actual Ubicación en estantería Fecha de adquisición Número de inventario Total de préstamos Signatura topográfica completa Código de barras Fecha visto por última vez Precio válido a partir de Tipo de ítem Koha
    Préstamo interno   Monografías: Libros y Folletos General General En catalogación 03.09.2009 LF1   923.134 C962i 6964-10 25.06.2020 25.06.2020 Préstamo interno

Powered by Koha